000 00958nam a2200241 i 4500
001 62889
003 ES-MaACL
005 20250809095018.0
007 t|
008 031126s1921 xxk |||| | eng d
100 1 _aFernández de Moratín, Leandro,
_d1760-1828
_949695
245 1 3 _aEl viejo y la niña /
_cby Leandro Fernández de Moratín ; edited, with introduction, notes and bibliography by Leslie Bannister Walton.
260 _aManchester :
_bThe University Press,
_c1921.
300 _aLIX, 113 p. ;
_c19 cm.
490 1 _aModern language text.
_aSpanish series
530 _aDisponible en formato digital.
700 1 _aWalton, Leslie Bannister.
_9116023
830 0 _aModern language text.
_aSpanish series
_9230648
852 _aES-MaACL
_jF-12405
_cSPD2
_zRevisado enlace: 21 de julio de 2025
856 4 _uhttps://archive.org/details/elviejoylania00fern/page/n6
_yInternet Archive
942 _2udc
999 _c62889
_d62889